|
|
|
|
| LEADER |
00000nam2a2200000 4500 |
| 001 |
337361 |
| 005 |
20231102004937.0 |
| 035 |
|
|
|a (RuTPU)RU\TPU\book\363829
|
| 035 |
|
|
|a RU\TPU\book\363826
|
| 090 |
|
|
|a 337361
|
| 100 |
|
|
|a 20171103d1979 k y0rusy50 ca
|
| 101 |
0 |
|
|a rus
|
| 102 |
|
|
|a RU
|
| 105 |
|
|
|a a z 001zy
|
| 200 |
0 |
|
|a [Вып. 53] : Бионические и физиологические аспекты работы анализаторных систем
|
| 210 |
|
|
|d 1979
|
| 215 |
|
|
|a 168 с.
|c ил.
|
| 320 |
|
|
|a Библиография в конце статей
|
| 461 |
|
1 |
|0 (RuTPU)RU\TPU\book\161768
|t Вопросы кибернетики
|o сборник статей
|f Академия наук СССР (АН СССР), Научный совет по комплексной проблеме "Кибернетика"
|v [Вып. 53] : Бионические и физиологические аспекты работы анализаторных систем
|d 1975-1992
|
| 606 |
1 |
|
|a Кибернетика
|2 stltpush
|3 (RuTPU)RU\TPU\subj\39446
|9 59539
|
| 610 |
1 |
|
|a анализаторы
|
| 610 |
1 |
|
|a анализирующие системы
|
| 610 |
1 |
|
|a бионика
|
| 610 |
1 |
|
|a физиологические аспекты
|
| 610 |
1 |
|
|a нейронные структуры
|
| 610 |
1 |
|
|a изображения
|
| 610 |
1 |
|
|a фильтрация
|
| 675 |
|
|
|a 681.5
|v 3
|
| 702 |
|
1 |
|a Самойленко
|b С. И.
|g Станислав Иванович
|4 340
|
| 801 |
|
1 |
|a RU
|b 63413507
|c 20140110
|
| 801 |
|
2 |
|a RU
|b 63413507
|c 20181023
|g RCR
|
| 942 |
|
|
|c BK
|